<?xml version="1.0" encoding="UTF-8"?>
<record
    xmlns:xsi="http://www.w3.org/2001/XMLSchema-instance"
    xsi:schemaLocation="http://www.loc.gov/MARC21/slim http://www.loc.gov/standards/marcxml/schema/MARC21slim.xsd"
    xmlns="http://www.loc.gov/MARC21/slim">

  <leader>00388nam a2200157Ia 4500</leader>
  <controlfield tag="008">230125s9999    xx            000 0 und d</controlfield>
  <datafield tag="020" ind1=" " ind2=" ">
    <subfield code="a">0-07-462264-1</subfield>
  </datafield>
  <datafield tag="041" ind1=" " ind2=" ">
    <subfield code="a">eng</subfield>
  </datafield>
  <datafield tag="082" ind1=" " ind2=" ">
    <subfield code="a">658.31</subfield>
    <subfield code="b">MON</subfield>
  </datafield>
  <datafield tag="100" ind1=" " ind2=" ">
    <subfield code="a">Monappa A</subfield>
    <subfield code="9">107954</subfield>
  </datafield>
  <datafield tag="245" ind1=" " ind2=" ">
    <subfield code="a">Personnel Management</subfield>
  </datafield>
  <datafield tag="260" ind1=" " ind2=" ">
    <subfield code="c">1996</subfield>
    <subfield code="b">Tata McGraw Hill</subfield>
  </datafield>
  <datafield tag="300" ind1=" " ind2=" ">
    <subfield code="a">416p</subfield>
  </datafield>
  <datafield tag="700" ind1=" " ind2=" ">
    <subfield code="a">Monappa A &amp; Saiyadain M S</subfield>
    <subfield code="9">112049</subfield>
  </datafield>
  <datafield tag="906" ind1=" " ind2=" ">
    <subfield code="b">67.5</subfield>
  </datafield>
  <datafield tag="999" ind1=" " ind2=" ">
    <subfield code="c">88991</subfield>
    <subfield code="d">88991</subfield>
  </datafield>
  <datafield tag="952" ind1=" " ind2=" ">
    <subfield code="0">2</subfield>
    <subfield code="1">0</subfield>
    <subfield code="4">0</subfield>
    <subfield code="7">0</subfield>
    <subfield code="a">HIMR</subfield>
    <subfield code="b">HIMR</subfield>
    <subfield code="d">2015-06-17</subfield>
    <subfield code="e">Donated Book- Outside Donar</subfield>
    <subfield code="g">135.00</subfield>
    <subfield code="o">658.31 MON DB1996</subfield>
    <subfield code="p">HIMR-DB-1996</subfield>
    <subfield code="r">2023-01-25 00:00:00</subfield>
    <subfield code="v">67.50</subfield>
    <subfield code="w">2023-01-25</subfield>
    <subfield code="y">DB</subfield>
    <subfield code="z">DB1996</subfield>
  </datafield>
  <datafield tag="952" ind1=" " ind2=" ">
    <subfield code="0">2</subfield>
    <subfield code="1">0</subfield>
    <subfield code="4">0</subfield>
    <subfield code="7">0</subfield>
    <subfield code="a">HIMR</subfield>
    <subfield code="b">HIMR</subfield>
    <subfield code="d">1997-11-12</subfield>
    <subfield code="e">Popular Book House</subfield>
    <subfield code="g">120.00</subfield>
    <subfield code="o">658.31 MON B00649</subfield>
    <subfield code="p">HIMR-BK-649</subfield>
    <subfield code="r">2023-01-25 00:00:00</subfield>
    <subfield code="v">120.00</subfield>
    <subfield code="w">1997-12-11</subfield>
    <subfield code="y">BK</subfield>
    <subfield code="z">B00649</subfield>
  </datafield>
  <datafield tag="952" ind1=" " ind2=" ">
    <subfield code="0">2</subfield>
    <subfield code="1">0</subfield>
    <subfield code="4">0</subfield>
    <subfield code="7">0</subfield>
    <subfield code="a">HIMR</subfield>
    <subfield code="b">HIMR</subfield>
    <subfield code="d">1997-01-07</subfield>
    <subfield code="e">Pradeep Book Depot</subfield>
    <subfield code="g">876.00</subfield>
    <subfield code="i">1554</subfield>
    <subfield code="o">658.31 MON B00027</subfield>
    <subfield code="p">HIMR-BK-27</subfield>
    <subfield code="r">2023-01-25 00:00:00</subfield>
    <subfield code="v">745.00</subfield>
    <subfield code="w">1997-01-02</subfield>
    <subfield code="y">BK</subfield>
    <subfield code="z">B00027</subfield>
  </datafield>
  <datafield tag="952" ind1=" " ind2=" ">
    <subfield code="0">0</subfield>
    <subfield code="1">0</subfield>
    <subfield code="4">0</subfield>
    <subfield code="7">0</subfield>
    <subfield code="a">HIMR</subfield>
    <subfield code="b">HIMR</subfield>
    <subfield code="d">2006-01-06</subfield>
    <subfield code="e">Goels Computer Hut</subfield>
    <subfield code="g">150.00</subfield>
    <subfield code="i">1051</subfield>
    <subfield code="l">0</subfield>
    <subfield code="o">658.31 MON B04825</subfield>
    <subfield code="p">HIMR-BK-4825</subfield>
    <subfield code="r">2023-01-25 00:00:00</subfield>
    <subfield code="v">128.00</subfield>
    <subfield code="w">2006-01-04</subfield>
    <subfield code="y">BK</subfield>
    <subfield code="z">B04825</subfield>
  </datafield>
  <datafield tag="952" ind1=" " ind2=" ">
    <subfield code="0">2</subfield>
    <subfield code="1">0</subfield>
    <subfield code="4">0</subfield>
    <subfield code="7">0</subfield>
    <subfield code="a">HIMR</subfield>
    <subfield code="b">HIMR</subfield>
    <subfield code="d">2005-09-30</subfield>
    <subfield code="e">Goels Computer Hut</subfield>
    <subfield code="g">145.00</subfield>
    <subfield code="i">0657/29.09.05</subfield>
    <subfield code="o">658.31 MON B04657</subfield>
    <subfield code="p">HIMR-BK-4657</subfield>
    <subfield code="r">2023-01-25 00:00:00</subfield>
    <subfield code="v">123.00</subfield>
    <subfield code="w">2005-09-30</subfield>
    <subfield code="y">BK</subfield>
    <subfield code="z">B04657</subfield>
  </datafield>
  <datafield tag="952" ind1=" " ind2=" ">
    <subfield code="0">0</subfield>
    <subfield code="1">0</subfield>
    <subfield code="4">0</subfield>
    <subfield code="7">0</subfield>
    <subfield code="a">HIMR</subfield>
    <subfield code="b">HIMR</subfield>
    <subfield code="d">2006-01-06</subfield>
    <subfield code="e">Goels Computer Hut</subfield>
    <subfield code="g">150.00</subfield>
    <subfield code="i">1051</subfield>
    <subfield code="l">0</subfield>
    <subfield code="o">658.31 MON B04824</subfield>
    <subfield code="p">HIMR-BK-4824</subfield>
    <subfield code="r">2023-01-25 00:00:00</subfield>
    <subfield code="v">128.00</subfield>
    <subfield code="w">2006-01-04</subfield>
    <subfield code="y">BK</subfield>
    <subfield code="z">B04824</subfield>
  </datafield>
  <datafield tag="952" ind1=" " ind2=" ">
    <subfield code="0">2</subfield>
    <subfield code="1">0</subfield>
    <subfield code="4">0</subfield>
    <subfield code="7">0</subfield>
    <subfield code="a">HIMR</subfield>
    <subfield code="b">HIMR</subfield>
    <subfield code="d">2005-09-30</subfield>
    <subfield code="e">Goels Computer Hut</subfield>
    <subfield code="g">145.00</subfield>
    <subfield code="i">0657/29.09.05</subfield>
    <subfield code="o">658.31 MON B04658</subfield>
    <subfield code="p">HIMR-BK-4658</subfield>
    <subfield code="r">2023-01-25 00:00:00</subfield>
    <subfield code="v">123.00</subfield>
    <subfield code="w">2005-09-30</subfield>
    <subfield code="y">BK</subfield>
    <subfield code="z">B04658</subfield>
  </datafield>
</record>
